Disney Parks of the World - Statistics

General Stats
  • This quiz has been taken 130 times
  • The average score is 9 of 12
Answer Stats
Answer % Correct
Disneyland
95%
Magic Kingdom
88%
EPCOT
86%
Animal Kingdom
85%
Hollywood Studios
81%
Disneyland Paris
79%
Tokyo Disneyland
65%
Shanghai Disneyland
64%
Hong Kong Disneyland
60%
Tokyo DisneySea
59%
Disney California Adventure
51%
Walt Disney Studios
48%
No matching quizzes found
Score Distribution
Percent of People with Each Score
Percentile by Number Answered
Your Score History
You have not taken this quiz